000 00930nam a2200277Ia 4500
003 OSt
005 20220923222120.0
006 a|||||r|||| 00| 0
007 ta
008 220922b |||||||| |||| 00| 0 ben d
024 _a203,073
037 _cTextual
040 _aARTS
_cARTS
_bben
041 _2ben
_aben
082 _aO157,2N25,4, 152M1
100 _aसरकार, बादल;
245 0 _aसारी रात
246 _aSārī rāta
250 _aसंस्क 2
260 _aदिल्ली
_b विद्या प्रकाशन
_c1981
300 _a84पृ0
_ccm.
650 _aबंगाली साहित्य
_9156264
700 _aअग्रवाल, प्रतिभा, अनु.
942 _hO157,2N25,4, 152M1
_cTEXL
_2CC
999 _c353854
_d353854